000
00289as aa2200109a 44500
090
_a
SERIADAS
_b
01534
245
1
0
_a
Aullador
260
_b
Instituto de Investigación de Recursos Biológicos Alexander Von Humboldt
_a
Colombia
310
_a
IRREGULAR
041
0
_a
Español
942
_c
REVISTA
999
_c
17296
_d
17296